00710cam a22002531 4500001001300000003000400013005001700017008004100034010001700075025001900092035002000111040002300131042001200154043001200166050001500178100005300193245003400246250001700280260007400297300002100371500001700392651003000409999001700439sa 65004895 DLC20260227112133.0890707s1963 ii 000 0 gujo  asa 65004895  aPL480:I-Gu-432 a(OCoLC)19980169 aDLCcWaUdTxUdDLC apremarc aa-ii---00aHN687b.V91 aVyāsa, Raviśaṅkara Sivaśaṅkara,d1884-10aSarvodayanī saravāṇī. a2. ājatti. aĀmadāvada :bBālagoviṃda kuberadāshanī kaṃpanī,c1963 a6, 88 p.c19 cm. aIn Gujarati. 0aIndiaxSocial conditions. c63996d63996